[Event "ZH-2012-0-00930"]
[Site "LSS email"]
[Date "2012.11.18"]
[Round "?"]
[White "Liamtsau, Valery"]
[Black "Gasanov, Engels G"]
[Result "1/2-1/2"]
[WhiteElo "2224"]
[BlackElo "2134"]
[PlyCount "46"]
[EventDate "2012.11.16"]
[EventType "match (corr)"]
[EventRounds "2"]
[EventCountry "GER"]
[SourceTitle "Telechess CBM 163"]
[Source "ChessBase"]
[SourceDate "2014.11.11"]
[SourceVersion "2"]
[SourceVersionDate "2014.11.11"]
[SourceQuality "1"]

1. d4 e6 2. c4 Nf6 3. Nf3 d5 4. Nc3 c6 5. e3 Nbd7 6. Bd3 dxc4 7. Bxc4 b5 8. Bd3 a6 9. e4 c5 10. d5 c4 11. dxe6 fxe6 12. Bc2 Qc7 13. 0-0 Bb7 14. Ng5 Nc5 15. e5 Qxe5 16. Re1 Qd6 17. Qxd6 Bxd6 18. Be3 0-0 19. Rad1 Be7 20. Bxc5 Bxc5 21. Nxe6 Rfc8 22. Nxc5 Rxc5 23. f3 Kf7 1/2-1/2

[Event "WC-2015-Q-00012"]
[Site "LSS email"]
[Date "2012.09.11"]
[Round "?"]
[White "Gasanov, Engels G"]
[Black "Pilarska, Lucyna"]
[Result "1-0"]
[WhiteElo "2138"]
[BlackElo "1963"]
[PlyCount "43"]
[EventDate "2012.09.17"]
[EventType "tourn (corr)"]
[EventRounds "10"]
[EventCountry "GER"]
[SourceTitle "Telechess CBM 161"]
[Source "ChessBase"]
[SourceDate "2014.07.16"]
[SourceVersion "1"]
[SourceVersionDate "2014.07.16"]
[SourceQuality "1"]

1. e4 c5 2. Nf3 d6 3. d4 cxd4 4. Nxd4 Nf6 5. Nc3 a6 6. Bg5 Nbd7 7. f4 Qc7 8. Qf3 h6 9. Bxf6 Nxf6 10. f5 Qc5 11. 0-0-0 g5 12. Kb1 Bg7 13. Nb3 Qe5 14. Bc4 Bd7 15. Bd5 Rc8 16. Bxb7 Rc7 17. Bxa6 Rxc3 18. bxc3 Nxe4 19. Rd4 d5 20. Bb7 Qc7 21. Rxe4 dxe4 22. Bxe4 1-0

[Event "WC-2015-Q-00012"]
[Site "LSS email"]
[Date "2012.09.11"]
[Round "?"]
[White "Gasanov, Engels G"]
[Black "Sadowski, Marek"]
[Result "1/2-1/2"]
[WhiteElo "2138"]
[BlackElo "2270"]
[PlyCount "55"]
[EventDate "2012.09.17"]
[EventType "tourn (corr)"]
[EventRounds "10"]
[EventCountry "GER"]
[SourceTitle "Telechess CBM 161"]
[Source "ChessBase"]
[SourceDate "2014.07.16"]
[SourceVersion "1"]
[SourceVersionDate "2014.07.16"]
[SourceQuality "1"]

1. Nf3 Nf6 2. c4 c5 3. Nc3 e6 4. g3 b6 5. Bg2 Bb7 6. 0-0 Be7 7. Re1 d5 8. cxd5 Nxd5 9. e4 Nb4 10. d4 cxd4 11. Nxd4 N8c6 12. Nxc6 Qxd1 13. Rxd1 Bxc6 14. Bf4 g5 15. Bd6 Rd8 16. e5 Bxd6 17. exd6 Bxg2 18. Kxg2 f5 19. Nb5 Kd7 20. Rac1 Rc8 21. Rc7+ Rxc7 22. dxc7+ Nd5 23. Nxa7 Kxc7 24. Nb5+ Kd7 25. Nd4 Rf8 26. Re1 Rf6 27. h3 h6 28. a3 1/2-1/2

[Event "SM-2012-0-00212"]
[Site "LSS email"]
[Date "2012.08.17"]
[Round "?"]
[White "Gasanov, Engels G"]
[Black "Lobanov, Aleksandr Vladimiro"]
[Result "1/2-1/2"]
[WhiteElo "2138"]
[BlackElo "2161"]
[PlyCount "44"]
[EventDate "2012.07.29"]
[EventType "tourn (corr)"]
[EventRounds "6"]
[EventCountry "GER"]
[SourceTitle "Telechess CBM 161"]
[Source "ChessBase"]
[SourceDate "2014.07.16"]
[SourceVersion "1"]
[SourceVersionDate "2014.07.16"]
[SourceQuality "1"]

1. e4 c5 2. Nf3 d6 3. d4 cxd4 4. Nxd4 Nf6 5. Nc3 Bd7 6. Bg5 e6 7. Qd2 a6 8. 0-0-0 Nc6 9. f3 b5 10. Kb1 Be7 11. Nxc6 Bxc6 12. Bxf6 Bxf6 13. Qxd6 Qxd6 14. Rxd6 Rc8 15. Ne2 Ke7 16. Rd3 Rhd8 17. Nc1 Be5 18. c3 h5 19. Rxd8 Rxd8 20. Kc2 h4 21. Be2 g6 22. Nd3 Bd6 1/2-1/2

[Event "WC-2012-F-00004"]
[Site "LSS email"]
[Date "2012.07.17"]
[Round "?"]
[White "Jordan, Juergen"]
[Black "Gasanov, Engels G"]
[Result "1-0"]
[WhiteElo "2127"]
[BlackElo "2138"]
[PlyCount "111"]
[EventDate "2012.07.23"]
[EventType "tourn (corr)"]
[EventRounds "10"]
[EventCountry "GER"]
[SourceTitle "Telechess CBM 161"]
[Source "ChessBase"]
[SourceDate "2014.07.16"]
[SourceVersion "1"]
[SourceVersionDate "2014.07.16"]
[SourceQuality "1"]

1. d4 Nf6 2. c4 g6 3. Nc3 Bg7 4. e4 d6 5. Nf3 0-0 6. Be2 e5 7. 0-0 Nc6 8. d5 Ne7 9. Ne1 Nd7 10. Be3 f5 11. f3 f4 12. Bf2 g5 13. Rc1 Rf6 14. Nd3 Rh6 15. c5 Qe8 16. Nb5 Qh5 17. h4 Ng6 18. g4 fxg3 19. Bxg3 Nf4 20. Nxc7 Rb8 21. cxd6 Qg6 22. Kh1 Nf8 23. Rg1 Bd7 24. Nxf4 gxf4 25. Bf2 Qxd6 26. Rg2 Kh8 27. Nb5 Qe7 28. Rh2 a6 29. Nc3 b5 30. Bf1 Qd8 31. Bh3 Bxh3 32. Rxh3 Bf6 33. Qe1 Ng6 34. h5 Ne7 35. Ne2 Qe8 36. Qg1 Qf7 37. Qh2 Ng8 38. Be1 Qd7 39. Bd2 Rf8 40. Bc3 Qa7 41. Rg1 Qb6 42. Nc1 b4 43. Be1 a5 44. Nd3 Qa6 45. Nc5 Qa7 46. Ne6 Ra8 47. Qg2 Qf7 48. Qg4 Ne7 49. Rh2 Rg8 50. Qh3 Re8 51. Bh4 Bxh4 52. Qxh4 Rxe6 53. dxe6 Qxe6 54. Rc2 a4 55. Rc7 a3 56. b3 1-0

[Event "ZH-2012-0-00801"]
[Site "LSS email"]
[Date "2012.06.16"]
[Round "?"]
[White "Sorcinelli, Andrea"]
[Black "Gasanov, Engels G"]
[Result "1/2-1/2"]
[WhiteElo "2106"]
[BlackElo "2120"]
[PlyCount "35"]
[EventDate "2012.06.14"]
[EventType "match (corr)"]
[EventRounds "2"]
[EventCountry "GER"]
[SourceTitle "Telechess CBM 155"]
[Source "ChessBase"]
[SourceDate "2013.07.16"]
[SourceVersion "1"]
[SourceVersionDate "2013.07.16"]
[SourceQuality "1"]

1. c4 Nf6 2. Nc3 g6 3. g3 Bg7 4. Bg2 0-0 5. d4 d6 6. Nf3 Nc6 7. 0-0 a6 8. Re1 Rb8 9. Rb1 Na5 10. Qa4 b6 11. c5 Bd7 12. Qa3 Nc4 13. Qxa6 b5 14. Nh4 dxc5 15. dxc5 b4 16. Qxc4 Be6 17. Nd5 Nxd5 18. Qd3 1/2-1/2

[Event "ZH-2012-0-00796"]
[Site "LSS email"]
[Date "2012.06.15"]
[Round "?"]
[White "Gasanov, Engels G"]
[Black "Sorcinelli, Andrea"]
[Result "1/2-1/2"]
[WhiteElo "2120"]
[BlackElo "2106"]
[PlyCount "31"]
[EventDate "2012.06.08"]
[EventType "match (corr)"]
[EventRounds "2"]
[EventCountry "GER"]
[SourceTitle "Corr 2015"]
[Source "ChessBase"]
[SourceDate "2015.07.17"]
[SourceVersion "1"]
[SourceVersionDate "2015.07.17"]
[SourceQuality "1"]

1. e4 e5 2. Nf3 Nc6 3. d4 exd4 4. Nxd4 Nf6 5. Nxc6 bxc6 6. e5 Qe7 7. Qe2 Nd5 8. c4 Nb6 9. Nc3 Qe6 10. Qe4 d5 11. exd6 Bxd6 12. Bd2 0-0 13. 0-0-0 f5 14. Qxe6+ Bxe6 15. b3 a5 16. g3 1/2-1/2

[Event "ZH-2012-0-00796"]
[Site "LSS email"]
[Date "2012.06.15"]
[Round "?"]
[White "Sorcinelli, Andrea"]
[Black "Gasanov, Engels G"]
[Result "1/2-1/2"]
[WhiteElo "2106"]
[BlackElo "2120"]
[PlyCount "47"]
[EventDate "2012.06.08"]
[EventType "match (corr)"]
[EventRounds "2"]
[EventCountry "GER"]
[SourceTitle "Telechess CBM 155"]
[Source "ChessBase"]
[SourceDate "2013.07.16"]
[SourceVersion "1"]
[SourceVersionDate "2013.07.16"]
[SourceQuality "1"]

1. e4 e5 2. Nf3 Nc6 3. Bb5 a6 4. Ba4 Nf6 5. 0-0 Be7 6. Re1 b5 7. Bb3 d6 8. c3 0-0 9. h3 Bb7 10. d4 Re8 11. Nbd2 Bf8 12. a3 h6 13. Bc2 Nb8 14. b4 Nbd7 15. Bb2 c5 16. bxc5 exd4 17. c6 dxc3 18. cxb7 cxd2 19. Qxd2 Rb8 20. Rad1 Qc7 21. Nh4 Qxb7 22. Nf5 Rbc8 23. Bb1 Ne5 24. Qf4 1/2-1/2

[Event "ZH-2012-0-00776"]
[Site "LSS email"]
[Date "2012.05.13"]
[Round "?"]
[White "Ederer, Karel"]
[Black "Gasanov, Engels G"]
[Result "1-0"]
[WhiteElo "2177"]
[BlackElo "2120"]
[PlyCount "85"]
[EventDate "2012.05.06"]
[EventType "match (corr)"]
[EventRounds "2"]
[EventCountry "GER"]
[SourceTitle "Telechess CBM 155"]
[Source "ChessBase"]
[SourceDate "2013.07.16"]
[SourceVersion "1"]
[SourceVersionDate "2013.07.16"]
[SourceQuality "1"]

1. d4 Nf6 2. c4 g6 3. Nc3 d5 4. Nf3 Bg7 5. Qb3 dxc4 6. Qxc4 0-0 7. e4 a6 8. Qb3 b5 9. Be2 c5 10. dxc5 Bb7 11. e5 Nfd7 12. Be3 e6 13. 0-0 Nc6 14. Rad1 Qc7 15. a4 b4 16. Ne4 Ncxe5 17. Nxe5 Bxe5 18. Nd6 Bd5 19. Rxd5 exd5 20. Qxd5 Bxd6 21. Qxd6 Qxd6 22. cxd6 a5 23. Bb5 Rfd8 24. Rc1 Ne5 25. Rd1 Nd7 26. g4 Rac8 27. g5 Rc2 28. Bd4 h6 29. h4 h5 30. Kg2 Kf8 31. b3 Rcc8 32. Kf3 Rc2 33. Ke4 Rcc8 34. Kd5 Rc2 35. f3 Rcc8 36. f4 Rc2 37. Bd3 Rcc8 38. f5 gxf5 39. Bxf5 Kg8 40. g6 fxg6 41. Be6+ Kh7 42. Rf1 Nf8 43. Rf7+ 1-0

[Event "ZH-2011-0-00678"]
[Site "LSS email"]
[Date "2011.12.19"]
[Round "?"]
[White "Gasanov, Engels G"]
[Black "Dehaybe, Andre"]
[Result "1/2-1/2"]
[WhiteElo "2042"]
[BlackElo "2057"]
[PlyCount "41"]
[EventDate "2011.12.06"]
[EventType "match (corr)"]
[EventRounds "2"]
[EventCountry "GER"]
[SourceTitle "Telechess CBM 149"]
[Source "ChessBase"]
[SourceDate "2012.07.17"]
[SourceVersion "1"]
[SourceVersionDate "2012.07.17"]
[SourceQuality "1"]

1. e4 c5 2. Nf3 d6 3. d4 cxd4 4. Nxd4 Nf6 5. Nc3 a6 6. a4 e5 7. Nf3 Be7 8. Bc4 Qc7 9. Qd3 Nc6 10. 0-0 0-0 11. Rd1 Nb4 12. Qe2 Nxc2 13. Nd5 Nxd5 14. Qxc2 Bd7 15. Ne1 Rac8 16. Bxd5 Qxc2 17. Nxc2 Rxc2 18. Bxb7 Bg4 19. f3 Bc8 20. Bd5 Be6 21. Bb7 1/2-1/2

[Event "RA-2011-0-00162"]
[Site "LSS email"]
[Date "2011.11.12"]
[Round "?"]
[White "Dehaybe, Andre"]
[Black "Gasanov, Engels G"]
[Result "1/2-1/2"]
[WhiteElo "2132"]
[BlackElo "2071"]
[PlyCount "77"]
[EventDate "2011.10.30"]
[EventType "tourn (corr)"]
[EventRounds "6"]
[EventCountry "GER"]
[SourceTitle "Telechess CBM 157"]
[Source "ChessBase"]
[SourceDate "2013.11.12"]
[SourceVersion "1"]
[SourceVersionDate "2013.11.12"]
[SourceQuality "1"]

1. d4 Nf6 2. c4 g6 3. Nc3 Bg7 4. e4 d6 5. h3 0-0 6. Nf3 e5 7. dxe5 dxe5 8. Bg5 c6 9. Be2 Na6 10. 0-0 Qe7 11. Qc2 Nc5 12. Rad1 Ne6 13. Be3 Nh5 14. Rfe1 b6 15. Rd2 Bb7 16. Red1 Rad8 17. Qb3 Bc8 18. Qa4 Qc7 19. Rxd8 Rxd8 20. Rxd8+ Nxd8 21. b4 Nf4 22. Bf1 Nfe6 23. b5 Bd7 24. Qd1 Be8 25. bxc6 Nxc6 26. Nd5 Qb8 27. Bc1 Nc5 28. Bd3 Bd7 29. Bc2 Qf8 30. Bg5 Kh8 31. Bh4 h6 32. Nd2 Be6 33. Nb3 Kh7 34. Kh2 Nb7 35. Qc1 f5 36. f3 Nd4 37. Bd3 fxe4 38. fxe4 Bd7 39. Qe3 1/2-1/2

[Event "ZI-2011-0-01113"]
[Site "LSS email"]
[Date "2011.10.15"]
[Round "?"]
[White "Gasanov, Engels G"]
[Black "Schulz, Hans Juergen"]
[Result "1-0"]
[WhiteElo "2030"]
[BlackElo "1770"]
[PlyCount "65"]
[EventDate "2011.10.12"]
[EventType "match (corr)"]
[EventRounds "2"]
[EventCountry "GER"]
[SourceTitle "Telechess CBM 149"]
[Source "ChessBase"]
[SourceDate "2012.07.17"]
[SourceVersion "1"]
[SourceVersionDate "2012.07.17"]
[SourceQuality "1"]

1. e4 e5 2. Nf3 Nc6 3. d4 exd4 4. Nxd4 Bc5 5. Nb3 Bb6 6. Nc3 d6 7. Qe2 Nf6 8. Be3 Ng4 9. Bxb6 axb6 10. h3 Nf6 11. g4 0-0 12. Bg2 Be6 13. 0-0-0 Nd7 14. f4 Nc5 15. e5 Nxb3+ 16. cxb3 Nb4 17. Kb1 Nxa2 18. Nxa2 Bxb3 19. Nc1 Bxd1 20. Rxd1 Ra7 21. exd6 cxd6 22. Qd3 Qd7 23. Qxd6 Qa4 24. Rd3 Qa1+ 25. Kc2 Rc8+ 26. Rc3 Rxc3+ 27. bxc3 Qa4+ 28. Kd2 Ra8 29. Bd5 Re8 30. Nd3 Qa1 31. Qc7 Rf8 32. Qxb6 Qf1 33. Qxb7 1-0

[Event "ZI-2011-0-01113"]
[Site "LSS email"]
[Date "2011.10.15"]
[Round "?"]
[White "Schulz, Hans Juergen"]
[Black "Gasanov, Engels G"]
[Result "0-1"]
[WhiteElo "1770"]
[BlackElo "2030"]
[PlyCount "86"]
[EventDate "2011.10.12"]
[EventType "match (corr)"]
[EventRounds "2"]
[EventCountry "GER"]
[SourceTitle "Telechess CBM 149"]
[Source "ChessBase"]
[SourceDate "2012.07.17"]
[SourceVersion "1"]
[SourceVersionDate "2012.07.17"]
[SourceQuality "1"]

1. d4 Nf6 2. c4 g6 3. g3 Bg7 4. Nf3 0-0 5. Nc3 d6 6. Bg2 Nc6 7. 0-0 a6 8. h3 Bd7 9. e4 e5 10. dxe5 dxe5 11. Be3 Be6 12. Qa4 b5 13. cxb5 axb5 14. Qxb5 Nd4 15. Nxd4 exd4 16. Rfd1 c5 17. Qxc5 Nd7 18. Rxd4 Nxc5 19. Rxd8 Rfxd8 20. Bxc5 Rd2 21. e5 Rc8 22. b4 Bxe5 23. Rc1 Bd4 24. Bxd4 Rxd4 25. b5 Rc5 26. b6 Bc8 27. b7 Bxb7 28. Bxb7 Rdc4 29. Rd1 Rxc3 30. Kg2 Rc7 31. Rb1 Rd7 32. a4 Ra3 33. Rb4 h5 34. g4 h4 35. g5 Rc7 36. Ba6 Rc5 37. Rg4 Kg7 38. Bb5 Ra2 39. Bd3 Rd2 40. Bb1 Rd1 41. Ba2 Rf5 42. Bc4 Rd2 43. Rxh4 Rfxf2+ 0-1

[Event "WC-2015-P-00009"]
[Site "LSS email"]
[Date "2011.02.20"]
[Round "?"]
[White "Paluch, Andrzej"]
[Black "Gasanov, Engels G"]
[Result "1/2-1/2"]
[WhiteElo "1702"]
[BlackElo "1945"]
[PlyCount "114"]
[EventDate "2011.02.24"]
[EventType "tourn (corr)"]
[EventRounds "6"]
[EventCountry "GER"]
[SourceTitle "Telechess CBM 147"]
[Source "ChessBase"]
[SourceDate "2012.03.16"]
[SourceVersion "1"]
[SourceVersionDate "2012.03.16"]
[SourceQuality "1"]

1. d4 Nf6 2. Nf3 g6 3. c4 Bg7 4. g3 0-0 5. Bg2 d6 6. 0-0 Nc6 7. Nc3 a6 8. a4 a5 9. e4 Bg4 10. h3 Bxf3 11. Bxf3 e5 12. d5 Nd4 13. Nb5 Nd7 14. Be3 Nc5 15. Ra3 Qf6 16. Bxd4 exd4 17. Nxc7 Rad8 18. Nb5 d3 19. Ra2 Rfe8 20. Bg2 h5 21. h4 g5 22. Qxh5 gxh4 23. Qxh4 Qxh4 24. gxh4 Nxe4 25. Bxe4 Rxe4 26. b3 Bh6 27. Rd1 d2 28. Kg2 Rxh4 29. Kg3 Re4 30. Raxd2 Bxd2 31. Rxd2 Kg7 32. Rd1 Re5 33. f3 Kf6 34. Kf4 Rh5 35. Re1 Rf5+ 36. Kg3 Re5 37. Rb1 Re2 38. Kf4 Rh2 39. Ke3 Rh4 40. Kd3 Rh3 41. Ke3 b6 42. Rd1 Ke7 43. Rd4 Kd7 44. Rf4 Rh7 45. Kd4 Rg8 46. Rf6 Rg6 47. Rf4 Ke8 48. Re4+ Kf8 49. Kd3 Rh1 50. Rf4 Rgh6 51. Kc2 Ke7 52. Re4+ Kd7 53. Rf4 Rh7 54. Kc3 R1h4 55. Rf6 R4h6 56. Rf4 Rh3 57. Kd3 R3h4 1/2-1/2

[Event "LSS RB-2010-0-00102"]
[Site "LSS email"]
[Date "2011.01.06"]
[Round "?"]
[White "Bilsel, Sabahaddin"]
[Black "Gasanov, Engels G"]
[Result "1-0"]
[WhiteElo "1942"]
[BlackElo "1936"]
[PlyCount "143"]
[EventDate "2010.10.24"]
[EventType "tourn (corr)"]
[EventRounds "6"]
[EventCountry "GER"]
[SourceTitle "Telechess CBM 145"]
[Source "Chessbase"]
[SourceDate "2011.11.11"]
[SourceVersion "1"]
[SourceVersionDate "2011.11.11"]
[SourceQuality "1"]

1. d4 Nf6 2. c4 g6 3. Nc3 Bg7 4. e4 d6 5. Nf3 0-0 6. Be2 e5 7. 0-0 Nc6 8. d5 Ne7 9. Ne1 Nd7 10. f3 f5 11. Be3 f4 12. Bf2 g5 13. b4 Nf6 14. c5 Ng6 15. a4 a5 16. cxd6 cxd6 17. bxa5 Bd7 18. Bb6 Qe7 19. Nd3 h5 20. Qe1 g4 21. Rb1 Rfc8 22. Kh1 Ne8 23. Bf2 Rc7 24. Nb5 Rc2 25. Qd1 Rcc8 26. fxg4 hxg4 27. Na7 Rc7 28. Bxg4 Qg5 29. Bf3 Nh4 30. Rg1 Nxf3 31. gxf3 Qh5 32. Nb5 Bxb5 33. Rxb5 Kh8 34. Qe2 Bf6 35. Rg4 Rac8 36. Qf1 Ra8 37. Qg2 Rf7 38. Be1 Rc7 39. Bd2 Qh7 40. Rb1 Rf7 41. Rg1 Rg7 42. Rxg7 Bxg7 43. Bb4 Rc8 44. Qg4 Rc4 45. Rg2 Rd4 46. Rc2 Nf6 47. Rc8+ Ng8 48. Bxd6 Rxd3 49. h4 Bf6 50. Rc7 Qh6 51. h5 Rb3 52. Qf5 Rxf3 53. Bf8 Rh3+ 54. Qxh3 Qxf8 55. Qd7 Qh6 56. Qf7 Bd8 57. Rxb7 f3 58. Qg6 Qc1+ 59. Qg1 Qh6 60. a6 f2 61. Qxf2 Qxa6 62. Rb8 Qd6 63. Ra8 Qd7 64. Qg3 Qc7 65. a5 Kh7 66. Kh2 Ne7 67. a6 Kh6 68. a7 Kxh5 69. Qf2 Nxd5 70. exd5 e4+ 71. Kh1 Qc1+ 72. Qg1 1-0

[Event "LSS RB-2010-0-00102"]
[Site "LSS email"]
[Date "2011.01.03"]
[Round "?"]
[White "Gasanov, Engels G"]
[Black "Morcin, Tom"]
[Result "1-0"]
[WhiteElo "1936"]
[BlackElo "1900"]
[PlyCount "45"]
[EventDate "2010.10.24"]
[EventType "tourn (corr)"]
[EventRounds "6"]
[EventCountry "GER"]
[SourceTitle "Telechess CBM 145"]
[Source "Chessbase"]
[SourceDate "2011.11.11"]
[SourceVersion "1"]
[SourceVersionDate "2011.11.11"]
[SourceQuality "1"]

1. d4 Nf6 2. Nf3 e6 3. Bg5 c5 4. e3 Be7 5. Nbd2 b6 6. c3 Bb7 7. Bd3 Nc6 8. 0-0 0-0 9. Nc4 b5 10. Bxf6 gxf6 11. Ncd2 c4 12. Bc2 d5 13. e4 dxe4 14. Nxe4 f5 15. Ng3 Qd5 16. Qe2 Kh8 17. Nh5 Rg8 18. Kh1 Nb8 19. Nf4 Qd6 20. Ne5 Rg7 21. Rg1 f6 22. Nxe6 Qxe6 23. Ng6+ 1-0

[Event "LSS RB-2010-0-00102"]
[Site "LSS email"]
[Date "2011.01.03"]
[Round "?"]
[White "Pott, Brian"]
[Black "Gasanov, Engels G"]
[Result "0-1"]
[WhiteElo "1635"]
[BlackElo "1936"]
[PlyCount "80"]
[EventDate "2010.10.24"]
[EventType "tourn (corr)"]
[EventRounds "6"]
[EventCountry "GER"]
[SourceTitle "Telechess CBM 145"]
[Source "Chessbase"]
[SourceDate "2011.11.11"]
[SourceVersion "1"]
[SourceVersionDate "2011.11.11"]
[SourceQuality "1"]

1. e4 e5 2. Nf3 Nc6 3. Bc4 Bc5 4. b4 Bxb4 5. c3 Bd6 6. 0-0 Nf6 7. d4 0-0 8. Nbd2 h6 9. Bd3 Re8 10. Re1 exd4 11. cxd4 Bf8 12. e5 Nd5 13. Bc4 Nb6 14. Bb3 d6 15. Ba3 Bf5 16. Bc2 Qd7 17. Qb1 Bxc2 18. Qxc2 Be7 19. Rad1 dxe5 20. Bxe7 Rxe7 21. dxe5 Qe8 22. Qc3 Rd8 23. Nf1 Rxd1 24. Rxd1 Rd7 25. Re1 Qe6 26. a3 Qc4 27. Qb2 Rd3 28. Ne3 Qc3 29. Qe2 Nd8 30. a4 Nxa4 31. Qf1 Rd7 32. Rd1 Qc6 33. Rc1 Qb6 34. Rb1 Qa5 35. Rd1 Rxd1 36. Qxd1 Ne6 37. Qd7 Nac5 38. Qe8+ Nf8 39. h3 Qa2 40. Qb8 c6 0-1

[Event "LSS SB-2010-0-00126"]
[Site "LSS email"]
[Date "2010.12.31"]
[Round "?"]
[White "Mujica, Hector"]
[Black "Gasanov, Engels G"]
[Result "0-1"]
[WhiteElo "1861"]
[BlackElo "1936"]
[PlyCount "112"]
[EventDate "2010.12.10"]
[EventType "tourn (corr)"]
[EventRounds "6"]
[EventCountry "GER"]
[SourceTitle "Telechess CBM 145"]
[Source "Chessbase"]
[SourceDate "2011.11.11"]
[SourceVersion "1"]
[SourceVersionDate "2011.11.11"]
[SourceQuality "1"]

1. d4 Nf6 2. Bg5 Ne4 3. Bf4 c5 4. f3 Qa5+ 5. c3 Nf6 6. Nd2 cxd4 7. Nb3 Qb6 8. Qxd4 Nc6 9. Qxb6 axb6 10. Be3 e5 11. Bxb6 d5 12. Nd2 Be6 13. e4 Be7 14. Bb5 0-0 15. Ne2 dxe4 16. fxe4 Nb8 17. h3 Nbd7 18. Be3 Nc5 19. Ng3 Na4 20. 0-0-0 Rfc8 21. c4 Bc5 22. Rhe1 Nb6 23. Bxc5 Nxc4 24. Bxc4 Rxc5 25. Re3 b5 26. b4 Rc7 27. Rc3 bxc4 28. Nf3 Nd7 29. a3 Rca7 30. Kb2 Ra6 31. Ng5 Nb6 32. Kc2 Bd7 33. Rd6 f6 34. Nf3 Kf7 35. Nf5 Bb5 36. Kc1 g6 37. Ne3 Na4 38. Rxa6 Bxa6 39. Rc2 c3 40. Nd5 Bc4 41. Nxc3 Bb3 42. Nxa4 Bxc2 43. Nb6 Ra6 44. Kxc2 Rxb6 45. Nd2 Ke6 46. Nb3 f5 47. Nc5+ Kd6 48. Kc3 Kc7 49. a4 Rd6 50. exf5 gxf5 51. Nd3 Rc6+ 52. Kb3 Rg6 53. Nxe5 Rxg2 54. Nd3 Rg3 55. Kc4 Rxh3 56. a5 h5 0-1

[Event "LSS RA-2010-0-00110"]
[Site "LSS email"]
[Date "2010.11.09"]
[Round "?"]
[White "Borisovs, Leonids"]
[Black "Gasanov, Engels G"]
[Result "1-0"]
[WhiteElo "2230"]
[BlackElo "1936"]
[PlyCount "131"]
[EventDate "2010.10.06"]
[EventType "tourn (corr)"]
[EventRounds "6"]
[EventCountry "GER"]
[SourceTitle "Telechess CBM 145"]
[Source "Chessbase"]
[SourceDate "2011.11.11"]
[SourceVersion "1"]
[SourceVersionDate "2011.11.11"]
[SourceQuality "1"]

1. e4 e5 2. Nf3 Nc6 3. Bb5 a6 4. Ba4 Nf6 5. 0-0 Be7 6. Re1 b5 7. Bb3 0-0 8. c3 d5 9. exd5 Nxd5 10. Nxe5 Nxe5 11. Rxe5 c6 12. d4 Bd6 13. Re1 Qh4 14. g3 Qh3 15. Qe2 Bd7 16. Qf1 Qf5 17. a4 b4 18. cxb4 Bxb4 19. Re5 Qg6 20. Bd2 Bd6 21. Rg5 Qf6 22. Nc3 Nxc3 23. bxc3 Rab8 24. Bc4 h6 25. Rh5 Rb2 26. Be3 Rfb8 27. Re1 g5 28. h3 Bf5 29. h4 Qg6 30. Be2 Bh3 31. Rxh6 Bxf1 32. Rxg6+ fxg6 33. Kxf1 gxh4 34. gxh4 Rc2 35. c4 Be7 36. c5 Bxh4 37. Bxa6 Kg7 38. Re2 Rxe2 39. Kxe2 Bd8 40. Bd3 Ra8 41. Be4 Ra6 42. f3 Kf7 43. Kd2 g5 44. Kc2 Ke6 45. Kb3 Be7 46. a5 Bf6 47. Ka4 Bd8 48. Bd2 Bf6 49. Bd3 Ra7 50. Bc4+ Ke7 51. Be3 Kd8 52. a6 Rh7 53. d5 Rh1 54. dxc6 Ra1+ 55. Kb4 Kc7 56. Bb5 Rb1+ 57. Kc4 Kb8 58. f4 g4 59. f5 Rf1 60. c7+ Kxc7 61. a7 Ra1 62. c6 g3 63. Kd5 g2 64. Ke6 Bg5 65. Bd4 Re1+ 66. Kf7 1-0

[Event "LSS RA-2010-0-00110"]
[Site "LSS email"]
[Date "2010.11.09"]
[Round "?"]
[White "Gasanov, Engels G"]
[Black "Podgorodetsky, Viacheslav"]
[Result "0-1"]
[WhiteElo "1884"]
[BlackElo "2018"]
[PlyCount "134"]
[EventDate "2010.10.06"]
[EventType "tourn (corr)"]
[EventRounds "6"]
[EventCountry "GER"]
[SourceTitle "Telechess CBM 143"]
[Source "ChessBase"]
[SourceDate "2011.07.15"]
[SourceVersion "1"]
[SourceVersionDate "2011.07.15"]
[SourceQuality "1"]

1. e4 c5 2. Nf3 d6 3. d4 cxd4 4. Nxd4 Nf6 5. Nc3 a6 6. Be3 e5 7. Nf3 Be7 8. Bc4 0-0 9. 0-0 Nc6 10. Re1 b5 11. Bf1 Rb8 12. Bg5 Ng4 13. Bd2 f5 14. exf5 d5 15. h3 Nxf2 16. Kxf2 Bc5+ 17. Kg3 Bd6 18. Kf2 Bc5+ 19. Kg3 Rxf5 20. Be3 Bxe3 21. Qxd5+ Qxd5 22. Nxd5 Bc5 23. Bd3 Rf8 24. Rad1 Rb7 25. a3 g6 26. Be4 Nd4 27. Nb4 Re7 28. c3 Nxf3 29. Bxf3 Kg7 30. Re2 h5 31. Kh2 h4 32. Rdd2 Re6 33. Rd5 Bd6 34. Be4 Ref6 35. Re1 g5 36. b3 Bb8 37. Rc5 Bf5 38. Nd5 R6f7 39. Rc6 Bxe4 40. Rxe4 Rf1 41. Rxa6 Rc1 42. Ne3 Rxc3 43. a4 Rxb3 44. axb5 Rxb5 45. Raa4 Kg6 46. Ra6+ Rf6 47. Ra1 Rf4 48. Rc4 Rxc4 49. Nxc4 e4+ 50. Kg1 Kf5 51. Kf2 Rb7 52. Ra6 Ba7+ 53. Ke2 Kf4 54. Ra2 Rb4 55. Nd2 Bb6 56. Nf1 Rb3 57. Nd2 Rg3 58. Kf1 Be3 59. Nc4 Bd4 60. Ra8 Bc5 61. Rc8 Bb4 62. Nb6 Rd3 63. Rc4 Rd1+ 64. Ke2 Rd2+ 65. Kf1 Ba5 66. Na4 Kg3 67. Rxe4 Rd1+ 0-1